000 00246nam a2200109Ia 4500
008 190216s9999||||xx |||||||||||||| ||und||
100 _aVivekanandan G
245 0 _aMattoli
260 _bCurrent Books
650 _aMalayalam Nadakam
942 _cBK
999 _c24283
_d24283